| 000 | 00801nam a2200253 a 4500 | ||
|---|---|---|---|
| 001 | ASIN9332508240 | ||
| 003 | OSt | ||
| 005 | 20180116192422.0 | ||
| 008 | 140407s2012 xxu eng d | ||
| 020 | _a9332508240 (paperback) | ||
| 020 | _a9789332508248 (paperback) | ||
| 040 | _csada | ||
| 082 |
_a790 _b MCK 2014 |
||
| 100 | 1 |
_aMckay, W. B. _97501 |
|
| 245 | 1 | 0 |
_aBuilding construction 4 Vol. set./ _cby W. B. McKay. |
| 250 | _a4th ed.(Vol. 2&4), 5th ed.(Vol. 1&3) | ||
| 260 |
_aNew Delhi : _bPearson, _c2014. |
||
| 300 | _a1 v. (unpaged) | ||
| 440 |
_aAlways learning. _97502 |
||
| 490 |
_aAlways learning. _v1-2-3-4 |
||
| 500 | _a4th ed.(Vol. 2&4), 5th ed.(Vol. 1&3) | ||
| 856 | 4 | 0 |
_3Amazon.com _uhttp://www.amazon.com/exec/obidos/ASIN/9332508240/chopaconline-20 |
| 942 |
_2ddc _cBK |
||
| 999 |
_c353936 _d353936 |
||